| 000 | 00833cam a22002651 4500 | ||
|---|---|---|---|
| 001 | 33058 | ||
| 003 | BD-RjUL | ||
| 005 | 20211209051934.0 | ||
| 008 | 140430s1955 enk 001 0 eng | ||
| 035 | _a(BD-RjUL)33149 | ||
| 040 |
_aDLC _cOAU _dOCoLC _dCoU-M _dBD-RjUL _beng |
||
| 041 | _aeng | ||
| 082 |
_a301.15 _bSMA 1955 |
||
| 100 | 1 |
_aHare, A. Paul _q(Alexander Paul), _d1923- _97418 |
|
| 245 | 1 | 0 |
_aSmall groups : _bstudies in social interaction / _cedited by A. Paul Hare, Edgar F. Borgatta [and] Robert F. Bales. |
| 250 | _a1st ed. | ||
| 260 |
_aNew York, _bKnopf, _c1955. |
||
| 300 |
_a xv, 666 p. : _bdiagrs., tables. ; _c24 cm. |
||
| 504 | _aBibliography: p. [579]-661. | ||
| 650 | 0 |
_aSocial interaction. _97419 |
|
| 650 | 0 |
_aSocial groups. _9100463 |
|
| 942 |
_2ddc _cBK |
||
| 999 |
_c33058 _d33058 |
||